000 00473nam a22001457a 4500
003 OSt
005 20250713145508.0
008 250713b |||||||| |||| 00| 0 eng d
040 _cSVYASA
100 _aAchala BS
_91069
245 _aCombined effects of hot foot immersion along with A mind sound resonance technique on insomnia and stress in middle aged adults - A Randomized controlled trial.
260 _aBangaluru
_bSvyasa
_c2025
300 _a41 p.
942 _2ddc
_cD
_n0
999 _c20657
_d20657